ՀՀ Գիտությունների ազգային ակադեմիայի հիմնարար գիտական գրադարան  =   Fundamental Scientific Library of NAS RA

Агрогидрологические свойства почв юго-восточной части Западной Сибири : (Record no. 266092)

MARC details
000 -LEADER
fixed length control field 01289nam a2200205 a 4500
001 - CONTROL NUMBER
control field 000720020
003 - CONTROL NUMBER IDENTIFIER
control field AM-YeHGA
005 - DATE AND TIME OF LATEST TRANSACTION
control field 20250617142915.0
008 - FIXED-LENGTH DATA ELEMENTS--GENERAL INFORMATION
fixed length control field 100310s1979 ai | |||||||||||||rus|d
040 ## - CATALOGING SOURCE
Original cataloging agency AM-YeHGA
041 0# - LANGUAGE CODE
Language code of text/sound track or separate title rus
090 ## - LOCALLY ASSIGNED LC-TYPE CALL NUMBER (OCLC); LOCAL CALL NUMBER (RLIN)
-- 267726
245 00 - TITLE STATEMENT
Title Агрогидрологические свойства почв юго-восточной части Западной Сибири :
Remainder of title Справочник /
Statement of responsibility, etc. Под ред. В.П. Панфилова; Гос. ком. СССР по гидромет. и контролю природной среды; Западно-Сибирский регион. научно-исслед. гидромет. ин-т.
260 ## - PUBLICATION, DISTRIBUTION, ETC.
Place of publication, distribution, etc. Ленинград :
Name of publisher, distributor, etc. Гидрометеоиздат,
Date of publication, distribution, etc. 1979.
300 ## - PHYSICAL DESCRIPTION
Extent 546 с.
-- рис., табл. :
Other physical details 25 см.
650 14 - SUBJECT ADDED ENTRY--TOPICAL TERM
Topical term or geographic name entry element Физические свойства почвы
General subdivision Справочник
700 1# - ADDED ENTRY--PERSONAL NAME
Personal name Панфилов, В.П.
Relator term ред.
Relationship edt
710 2# - ADDED ENTRY--CORPORATE NAME
Corporate name or jurisdiction name as entry element Государственный комитет СССР по гидрометеорологии и контролю природной среды
710 2# - ADDED ENTRY--CORPORATE NAME
Corporate name or jurisdiction name as entry element Западно-Сибирский региональный научно-исследовательский гидрометеорологический институт
Holdings
Withdrawn status Lost status Damaged status Not for loan Collection Home library Current library Date acquired Total checkouts Full call number Barcode Date last seen Price effective from Koha item type Public note
        General Fundamental Scientific Library Fundamental Scientific Library 29/12/2016   PII/446987 FL0359334 29/12/2016 29/12/2016 Գրքեր / Books 30 Days Loan


ՀՀ ԳԱԱ հիմնարար գիտական գրադարան
ՀՀ,Երևան 0019
Մարշալ Բաղրամյան 24/6
հեռախոս:(374-10) 52-47-50
Հետադարձ կապ

All site content, except where otherwise noted, is licensed under a
Creative Commons License